[Event "Sveins 10. minneturnering"]
[Site "Oslo"]
[Date "2017.06.23"]
[Round "4"]
[White "Trasti, Nora"]
[Black "Kreken, Eivind Grunt"]
[Result "1/2-1/2"]
[WhiteElo "1359"]
[BlackElo "1386"]
[PlyCount "137"]
[EventDate "2017.??.??"]

1. d4 Nf6 2. c4 e6 3. Nc3 d5 4. Bg5 Be7 5. e3 O-O 6. Nf3 c6 7. Bxf6 Bxf6 8. Qc2
Nd7 9. Bd3 h6 10. O-O Be7 11. e4 Nf6 12. e5 Nd7 13. Rfe1 dxc4 14. Bxc4 b5 15.
Bb3 Bb7 16. Qe4 Re8 17. Bc2 Nf8 18. Rad1 Qb6 19. Qg4 Rad8 20. Ne4 Kh8 21. Qh5
Kg8 22. Qg4 Kh8 23. Nh4 c5 24. dxc5 Bxc5 25. Nxc5 Qxc5 26. Bb1 Nd7 27. Nf3 Bxf3
28. Qxf3 Nxe5 29. Qe4 Ng6 30. h4 f5 31. Rxd8 fxe4 32. Rxe8+ Nf8 33. Bxe4 Qb4
34. Re3 Kg8 35. Bg6 Qg4 36. R3xe6 Qxe6 37. Rxe6 Nxe6 38. g3 Kf8 39. f4 Ke7 40.
Kf2 Kf6 41. Bd3 b4 42. b3 g5 43. hxg5+ hxg5 44. fxg5+ Kxg5 45. Kf3 Nc5 46. Bc2
a6 47. g4 a5 48. Bd1 Nd3 49. Ke3 Nc1 50. Kd4 Nxa2 51. Kc5 Nc3 52. Kb6 Nxd1 53.
Kxa5 Kxg4 54. Kxb4 Kf5 55. Kc5 Ke6 56. Kc6 Ke7 57. b4 Nc3 58. Kc5 Kd7 59. Kc4
Kc6 60. Kxc3 Kb5 61. Kb3 Kb6 62. Ka4 Ka6 63. b5+ Kb6 64. Kb4 Kb7 65. Kc5 Kc7
66. b6+ Kb8 67. Kc6 Kc8 68. b7+ Kb8 69. Kb6
1/2-1/2

[Event "Sveins 10. minneturnering"]
[Site "Oslo"]
[Date "2017.06.23"]
[Round "5"]
[White "Berg, Emanuel"]
[Black "Al-Tarbosh, Ward"]
[Result "1-0"]
[WhiteElo "2573"]
[BlackElo "2248"]
[PlyCount "129"]
[EventDate "2017.??.??"]

1. e4 e6 2. d4 d5 3. Nc3 Nf6 4. Bg5 dxe4 5. Nxe4 Be7 6. Bxf6 gxf6 7. Qd2 b6 8.
Nf3 Bb7 9. Bb5+ c6 10. Bd3 Qc7 11. Qh6 Nd7 12. Qg7 Rf8 13. Qxh7 O-O-O 14. O-O-O
f5 15. Ned2 Nf6 16. Qh3 Ng4 17. Rhf1 Rh8 18. Qg3 Bd6 19. Ne5 f6 20. f4 fxe5 21.
fxe5 Be7 22. h3 Nh6 23. Bc4 Kb8 24. Bxe6 Rxd4 25. Nf3 Rxd1+ 26. Rxd1 Rd8 27.
Qg6 Rxd1+ 28. Kxd1 Qd8+ 29. Ke2 Qf8 30. c4 f4 31. h4 Bc5 32. Ng5 Be3 33. Qf6
Bc5 34. Qxf8+ Bxf8 35. Kf3 c5+ 36. Ne4 Be7 37. Bd5 Bc8 38. Nf6 Nf5 39. h5 Bf8
40. Kxf4 Bh6+ 41. Ke4 Nd4 42. g4 Kc7 43. b4 Kd8 44. bxc5 bxc5 45. Kd3 Kc7 46.
Ke4 Kd8 47. Kd3 Kc7 48. Be4 Ne6 49. Bf5 Kd8 50. Ne4 Nf4+ 51. Kc2 Be6 52. Kb3
Ne2 53. Bxe6 Nd4+ 54. Ka4 Nxe6 55. Kb5 Bf4 56. Kc6 Be3 57. Kd6 Ng5 58. Nxg5
Bxg5 59. Ke6 Ke8 60. Kf5 Be3 61. Kf6 Kf8 62. g5 Bd4 63. h6 Kg8 64. g6 a5 65.
h7+
1-0

[Event "Sveins 10. minneturnering"]
[Site "Oslo"]
[Date "2017.06.23"]
[Round "5"]
[White "Hector, Jonny"]
[Black "Haug, Johannes"]
[Result "1-0"]
[WhiteElo "2503"]
[BlackElo "2335"]
[PlyCount "59"]
[EventDate "2017.??.??"]

1. e4 c6 2. d4 d5 3. Nd2 dxe4 4. Nxe4 Bf5 5. Ng3 Bg6 6. Nh3 Nd7 7. Nf4 e5 8.
Nxg6 hxg6 9. Bc4 Nb6 10. Bb3 Qxd4 11. Qe2 Nf6 12. c3 Qd6 13. f4 Nbd7 14. O-O
Qc7 15. Be3 O-O-O 16. Bxf7 Bd6 17. f5 e4 18. fxg6 Ne5 19. Be6+ Kb8 20. Rad1 Nd3
21. Rxf6 gxf6 22. Qg4 Bc5 23. Bxc5 Nxc5 24. Rxd8+ Rxd8 25. g7 Qb6 26. Kh1 f5
27. Nxf5 Nd3 28. Qg3+ Ka8 29. g8=Q Nf2+ 30. Qxf2
1-0

[Event "Sveins 10. minneturnering"]
[Site "Oslo"]
[Date "2017.06.23"]
[Round "5"]
[White "Kaasen, Tor Fredrik"]
[Black "Hillarp Persson, Tiger"]
[Result "1/2-1/2"]
[WhiteElo "2402"]
[BlackElo "2496"]
[PlyCount "98"]
[EventDate "2017.??.??"]

1. d4 Nf6 2. c4 e6 3. Nf3 c5 4. d5 d6 5. Nc3 exd5 6. cxd5 g6 7. Bf4 a6 8. a4
Bg7 9. h3 O-O 10. e3 Ne8 11. Be2 Nd7 12. O-O b6 13. Qc2 Ra7 14. Nd2 Ne5 15. Bg3
f5 16. f4 Nf7 17. Bd3 Nf6 18. e4 fxe4 19. Ndxe4 Nxe4 20. Nxe4 Nh6 21. Ng5 Nf5
22. Bf2 Qf6 23. Rae1 Qxb2 24. Qxb2 Bxb2 25. Rb1 Bd4 26. Bxd4 cxd4 27. Rxb6 Ne3
28. Rc1 Bf5 29. Bxf5 Rxf5 30. Rc8+ Kg7 31. Ne6+ Kh6 32. Nxd4 Rxf4 33. Nf3 Nxd5
34. Rxd6 Ne7 35. Rcd8 Rxa4 36. g4 Re4 37. g5+ Kh5 38. Rh8 Nf5 39. Rxa6 Rd7 40.
Kf2 Nh4 41. Rd6 Rde7 42. Nxh4 Rxh4 43. Kg3 Ra4 44. Rd5 Rb7 45. Rf8 Rb3+ 46. Rf3
Raa3 47. Rxb3 Rxb3+ 48. Kg2 Kh4 49. Rd7 Kxg5
1/2-1/2

[Event "Sveins 10. minneturnering"]
[Site "Oslo"]
[Date "2017.06.23"]
[Round "5"]
[White "Tan, Justin"]
[Black "Moen, Andreas G.R."]
[Result "1-0"]
[WhiteElo "2448"]
[BlackElo "2330"]
[PlyCount "95"]
[EventDate "2017.??.??"]

1. e4 e5 2. Nf3 Nf6 3. Nxe5 d6 4. Nf3 Nxe4 5. Nc3 Nxc3 6. dxc3 Be7 7. Be3 Nc6
8. Qd2 O-O 9. O-O-O Re8 10. Bd3 Ne5 11. Nxe5 dxe5 12. Qe2 Bd6 13. f3 Qe7 14. g4
Bd7 15. Be4 Bc6 16. h4 Bxe4 17. fxe4 Bc5 18. g5 Rad8 19. Rdf1 Rd7 20. Kb1 Bxe3
21. Qxe3 b6 22. b3 a5 23. Rd1 a4 24. h5 Red8 25. Rxd7 Qxd7 26. Rf1 a3 27. Qc1
Qd6 28. h6 Qd2 29. Qxa3 Qxg5 30. Qa7 Qe7 31. Rg1 g6 32. Kb2 Qc5 33. Rg4 f6 34.
Qa6 Kf7 35. Qe2 Qc6 36. a4 Qe6 37. Rg3 g5 38. Qf3 Rg8 39. Qh5+ Ke7 40. Qh2 g4
41. Qf2 Rg5 42. a5 bxa5 43. Qc5+ Qd6 44. Qxa5 Kf7 45. Qa8 Kg6 46. Qc8 Kh5 47.
Rg1 Qe7 48. Rh1+
1-0

[Event "Sveins 10. minneturnering"]
[Site "Oslo"]
[Date "2017.06.23"]
[Round "5"]
[White "Lund, Gunnar"]
[Black "Hansen, Torbjørn R."]
[Result "1/2-1/2"]
[WhiteElo "1914"]
[BlackElo "2443"]
[PlyCount "80"]
[EventDate "2017.??.??"]

1. e4 c6 2. d4 d5 3. exd5 cxd5 4. Bd3 Nc6 5. c3 Qc7 6. Ne2 Bg4 7. f3 Bd7 8. Bf4
e5 9. dxe5 Nxe5 10. O-O Bd6 11. Re1 Ne7 12. Bg3 O-O 13. Nd4 Rfe8 14. Na3 a6 15.
Nac2 N7g6 16. Ne3 Nxd3 17. Bxd6 Qxd6 18. Qxd3 Nf4 19. Qd2 Re5 20. Ne2 Nxe2+ 21.
Rxe2 Rae8 22. Rae1 Qe6 23. c4 dxc4 24. f4 Re4 25. f5 Qe7 26. f6 Qe6 27. fxg7
Bc6 28. h3 h5 29. b3 cxb3 30. axb3 Re5 31. Ng4 Rxe2 32. Rxe2 Qg6 33. Ne5 Qxg7
34. Nxc6 Rxe2 35. Qxe2 bxc6 36. Qe8+ Kh7 37. Qxc6 Qg6 38. Qd5 Kh6 39. Qd2+ Kg7
40. Qd4+ Kh6
1/2-1/2

[Event "Sveins 10. minneturnering"]
[Site "Oslo"]
[Date "2017.06.23"]
[Round "5"]
[White "Arvola, Benjamin"]
[Black "Getz, Nicolai"]
[Result "1-0"]
[WhiteElo "2435"]
[BlackElo "2391"]
[PlyCount "107"]
[EventDate "2017.??.??"]

1. d4 Nf6 2. c4 g6 3. Nc3 Bg7 4. Nf3 O-O 5. e4 d6 6. Be2 e5 7. O-O Nc6 8. d5
Ne7 9. Ne1 Nd7 10. Nd3 f5 11. Bd2 Nf6 12. f3 f4 13. c5 g5 14. Rc1 h5 15. Nb5
Ne8 16. Ba5 b6 17. cxd6 cxd6 18. Be1 a6 19. Nc3 Nf6 20. Nb4 g4 21. Nc6 Qe8 22.
Na4 gxf3 23. Bxf3 Nxc6 24. dxc6 d5 25. Nxb6 dxe4 26. Nxa8 exf3 27. Qxf3 Ng4 28.
Nc7 Qg6 29. Nd5 Rf7 30. Qb3 Kh7 31. c7 Bh6 32. Bd2 Rd7 33. h3 Qe4 34. Qc2 Qxc2
35. Rxc2 Rxd5 36. hxg4 hxg4 37. g3 Rd3 38. gxf4 g3 39. Bc1 e4 40. Rc3 Rd7 41.
Re1 Bg7 42. Rc2 Kg6 43. Be3 Kf5 44. Rc5+ Kg4 45. Kg2 Bf6 46. Rc6 Rh7 47. Rxf6
Rh2+ 48. Kg1 Kf3 49. Rf1+ Kxe3 50. Rg6 Rh3 51. Rg8 Ke2 52. Rxc8 Rh1+ 53. Kxh1
Kxf1 54. Rg8
1-0

[Event "Sveins 10. minneturnering"]
[Site "Oslo"]
[Date "2017.06.23"]
[Round "5"]
[White "Ostrovskiy, Aleksandr A"]
[Black "Djurhuus, Rune"]
[Result "0-1"]
[WhiteElo "2381"]
[BlackElo "2421"]
[PlyCount "116"]
[EventDate "2017.??.??"]

1. e4 c5 2. Nf3 Nc6 3. Bb5 g6 4. Bxc6 bxc6 5. O-O Bg7 6. Re1 Nh6 7. h3 O-O 8.
c3 f5 9. e5 Nf7 10. d3 d6 11. Bf4 Qc7 12. Qe2 Rb8 13. exd6 exd6 14. Na3 h6 15.
h4 Bd7 16. Nc4 Rbe8 17. Qd2 Be6 18. a3 Qd8 19. Rad1 Bd5 20. Rxe8 Rxe8 21. Re1
Rxe1+ 22. Qxe1 Bxf3 23. gxf3 d5 24. Ne5 Qe7 25. d4 cxd4 26. cxd4 g5 27. hxg5
hxg5 28. Bd2 Nxe5 29. dxe5 Qxe5 30. Qc1 Qxb2 31. Qxc6 Qxd2 32. Qe6+ Kf8 33.
Qd6+ Kf7 34. Qd7+ Kg6 35. Qe8+ Kf6 36. Qc6+ Ke5 37. Qc7+ Kd4 38. Qxg7+ Kc4 39.
Qxa7 d4 40. a4 d3 41. Qa6+ Kc3 42. Qc6+ Kb2 43. Kg2 Qc3 44. Qb5+ Kc1 45. Qxf5
d2 46. Qxg5 Qd4 47. a5 Kb2 48. Qb5+ Ka3 49. a6 d1=Q 50. Qa5+ Q1a4 51. Qc7 Qxa6
52. Qc1+ Ka2 53. Qc2+ Qb2 54. Qh7 Qab6 55. Qg8+ Kb1 56. Qh7+ Ka1 57. Qh1+ Ka2
58. Qh4 Qg7+
0-1

[Event "Sveins 10. minneturnering"]
[Site "Oslo"]
[Date "2017.06.23"]
[Round "5"]
[White "Ingebretsen, Jens E"]
[Black "Haubro, Martin"]
[Result "0-1"]
[WhiteElo "2014"]
[BlackElo "2365"]
[PlyCount "88"]
[EventDate "2017.??.??"]

1. e4 e5 2. Nf3 Nc6 3. Bc4 Nf6 4. d3 Be7 5. O-O O-O 6. c3 d6 7. Nbd2 Na5 8. Bb5
a6 9. Ba4 b5 10. Bc2 c5 11. Re1 Nc6 12. h3 Qc7 13. Nf1 d5 14. exd5 Nxd5 15. d4
exd4 16. cxd4 Nxd4 17. Nxd4 cxd4 18. Bxh7+ Kxh7 19. Qh5+ Kg8 20. Qxd5 Bb7 21.
Qxd4 Qc6 22. Qg4 f5 23. Qg3 Bh4 24. Qf3 Qxf3 25. gxf3 Bxf3 26. Bf4 Rfe8 27. Be5
Re6 28. Ng3 g6 29. Re3 Bb7 30. Rc1 Bg5 31. f4 Rxe5 32. Rxe5 Bxf4 33. Re7 Bxc1
34. Rxb7 Bxb2 35. Ne2 Rf8 36. a4 f4 37. axb5 f3 38. Ng3 Bd4+ 39. Kf1 Rc8 40.
Ke1 Be3 41. Ne2 Rc2 42. bxa6 Rxe2+ 43. Kd1 Rd2+ 44. Ke1 f2+
0-1

[Event "Sveins 10. minneturnering"]
[Site "Oslo"]
[Date "2017.06.23"]
[Round "5"]
[White "Hoi, Carsten"]
[Black "Kovachev, Daniel Jakobsen"]
[Result "1/2-1/2"]
[WhiteElo "2359"]
[BlackElo "2308"]
[PlyCount "59"]
[EventDate "2017.??.??"]

1. d4 Nf6 2. c4 e6 3. Nc3 d5 4. Bg5 Be7 5. e3 h6 6. Bxf6 Bxf6 7. Nf3 c6 8. Rc1
Nd7 9. Bd3 O-O 10. O-O dxc4 11. Bxc4 e5 12. Bb3 exd4 13. exd4 Re8 14. Qd2 Nf8
15. d5 Ng6 16. dxc6 bxc6 17. Qc2 Nf4 18. Rcd1 Qa5 19. Ne4 Qh5 20. Ng3 Qg6 21.
Qxc6 Bg4 22. Rde1 Rec8 23. Qe4 Qxe4 24. Rxe4 Nh3+ 25. gxh3 Bxf3 26. Rf4 Bc6 27.
Ne4 Bxb2 28. Nd6 Rf8 29. Nxf7 Kh7 30. Rb1
1/2-1/2

[Event "Sveins 10. minneturnering"]
[Site "Oslo"]
[Date "2017.06.23"]
[Round "5"]
[White "Grønn, Atle"]
[Black "Lund, Terje"]
[Result "1-0"]
[WhiteElo "2331"]
[BlackElo "2095"]
[PlyCount "95"]
[EventDate "2017.??.??"]

1. Nf3 Nf6 2. c4 g6 3. g3 Bg7 4. Bg2 O-O 5. d4 d6 6. O-O Nc6 7. d5 Na5 8. Nbd2
c5 9. Qc2 Bd7 10. Rb1 b5 11. b3 Rb8 12. Ba3 bxc4 13. bxc4 Qc7 14. h3 Rxb1 15.
Rxb1 Rb8 16. e4 Rxb1+ 17. Qxb1 e5 18. Bf1 Ba4 19. Bd3 Qb6 20. Bb2 Bd7 21. Kg2
Nh5 22. Bc3 Nb7 23. Qb3 f5 24. Bc2 Nf6 25. exf5 gxf5 26. Nh4 f4 27. g4 Qc7 28.
Qa3 Qc8 29. Nf5 Bf8 30. Qxa7 h5 31. f3 hxg4 32. hxg4 Nd8 33. Ne4 Nxe4 34. Bxe4
Nf7 35. Be1 Nh6 36. Nxh6+ Bxh6 37. Bh4 Bg7 38. Kf2 Bxg4 39. fxg4 Qxg4 40. Qb8+
Bf8 41. Qd8 Qd1 42. Qg5+ Bg7 43. Qg6 Qd2+ 44. Kg1 Qe3+ 45. Bf2 Qc1+ 46. Kg2
Qxc4 47. Qe6+ Kf8 48. Qxd6+
1-0

[Event "Sveins 10. minneturnering"]
[Site "Oslo"]
[Date "2017.06.23"]
[Round "5"]
[White "Merkesvik, Sondre"]
[Black "Kvisvik, Brede Alex."]
[Result "1/2-1/2"]
[WhiteElo "2220"]
[BlackElo "2310"]
[PlyCount "65"]
[EventDate "2017.??.??"]

1. Nf3 d5 2. g3 g6 3. Bg2 Bg7 4. d4 Nh6 5. c4 dxc4 6. Qa4+ c6 7. Qxc4 Nf5 8. e3
Nd6 9. Qe2 O-O 10. O-O Be6 11. Rd1 Qc8 12. Nc3 Bh3 13. Bxh3 Qxh3 14. Ng5 Qc8
15. e4 h6 16. Nf3 Qg4 17. Kg2 Rd8 18. h3 Qe6 19. Bf4 Na6 20. Be5 Bxe5 21. Nxe5
c5 22. Nf3 cxd4 23. Nxd4 Qc4 24. Qe3 Kg7 25. Rac1 e5 26. Nd5 exd4 27. Qf4 Qxa2
28. Qe5+ Kg8 29. Nf6+ Kf8 30. Nd5 Kg8 31. Nf6+ Kf8 32. Nd5 Kg8 33. Nf6+
1/2-1/2

[Event "Sveins 10. minneturnering"]
[Site "Oslo"]
[Date "2017.06.23"]
[Round "5"]
[White "Westerinen, Heikki M.J."]
[Black "Kizatbay, Abyl"]
[Result "1-0"]
[WhiteElo "2305"]
[BlackElo "2134"]
[PlyCount "93"]
[EventDate "2017.??.??"]

1. e4 c5 2. Nf3 Nc6 3. Bb5 g6 4. O-O Bg7 5. c3 Nf6 6. Re1 O-O 7. d4 cxd4 8.
cxd4 d5 9. e5 Ne4 10. Nc3 a6 11. Bxc6 bxc6 12. Nxe4 dxe4 13. Rxe4 Be6 14. Rh4
Bd5 15. Bh6 e6 16. Bxg7 Kxg7 17. Qd2 h5 18. Rf4 Qb6 19. Ng5 Rab8 20. b3 c5 21.
dxc5 Qxc5 22. Rc1 Qb5 23. Rf6 Rb7 24. Qc2 Kh8 25. Qd2 Kg7 26. h4 a5 27. Rf4 Rd7
28. Qe3 Qb7 29. Qg3 Rc8 30. Rxc8 Qxc8 31. Rf6 Qc2 32. Qf4 Qc7 33. Kh2 a4 34.
bxa4 Bxa2 35. a5 Bb1 36. Rxe6 Bf5 37. Rd6 Rxd6 38. exd6 Qxa5 39. Qd4+ f6 40.
Nf3 Kf7 41. Nd2 Ke6 42. Nc4 Qd8 43. Qe3+ Kf7 44. Qc5 Qc8 45. Qc7+ Qxc7 46. dxc7
Ke7 47. Nb6
1-0

[Event "Sveins 10. minneturnering"]
[Site "Oslo"]
[Date "2017.06.23"]
[Round "5"]
[White "Huse, Sigurd Kjelsbøl"]
[Black "Ranaldi, Lucas"]
[Result "0-1"]
[WhiteElo "1971"]
[BlackElo "2278"]
[PlyCount "74"]
[EventDate "2017.??.??"]

1. e4 g6 2. f4 Bg7 3. Nf3 c5 4. Bc4 Nc6 5. O-O e6 6. Nc3 Nge7 7. Qe2 O-O 8. e5
d5 9. exd6 Qxd6 10. d3 b6 11. a4 Bb7 12. Bd2 Rad8 13. Rad1 Nf5 14. Ne4 Ncd4 15.
Nxd4 Nxd4 16. Nxd6 Nxe2+ 17. Kf2 Rxd6 18. Kxe2 Bxg2 19. Rg1 Bd5 20. Bxd5 Rxd5
21. b3 Re8 22. Kf3 Rf5 23. Rg5 Rxg5 24. fxg5 Rd8 25. a5 Rd5 26. axb6 axb6 27.
Be3 Bc3 28. h4 f5 29. gxf6 Bxf6 30. Rh1 Rf5+ 31. Kg4 h5+ 32. Kg3 Kf7 33. b4
Be5+ 34. Kg2 Bd4 35. Rh3 Bxe3 36. Rxe3 cxb4 37. Re4 Rb5
0-1

[Event "Sveins 10. minneturnering"]
[Site "Oslo"]
[Date "2017.06.23"]
[Round "5"]
[White "Kvendseth, Cornelius"]
[Black "Solberg, Joachim"]
[Result "0-1"]
[WhiteElo "1849"]
[BlackElo "2257"]
[PlyCount "78"]
[EventDate "2017.??.??"]

1. Nf3 Nf6 2. g3 d5 3. Bg2 Nc6 4. d4 g6 5. O-O Bg7 6. c4 e6 7. Nc3 O-O 8. Bg5
h6 9. Bf4 dxc4 10. e4 g5 11. Be3 Ng4 12. Qe2 Nxe3 13. fxe3 e5 14. Rad1 exd4 15.
Qxc4 Be6 16. Qb5 Rb8 17. e5 a6 18. Qa4 b5 19. Qc2 d3 20. Rxd3 Nb4 21. Rxd8 Nxc2
22. Rxb8 Rxb8 23. Kf2 Rd8 24. Rc1 Nb4 25. Bf1 g4 26. Nd4 Bxe5 27. Nxe6 fxe6 28.
a3 Nd3+ 29. Bxd3 Rxd3 30. Ke2 Rd7 31. Rc2 c5 32. a4 Bxc3 33. Rxc3 c4 34. axb5
axb5 35. Ra3 Kf7 36. b3 c3 37. b4 Rd2+ 38. Ke1 Rxh2 39. Rxc3 Rb2
0-1

[Event "Sveins 10. minneturnering"]
[Site "Oslo"]
[Date "2017.06.23"]
[Round "5"]
[White "Rødsmoen, Maud"]
[Black "Vestby-Ellingsen, Mads"]
[Result "0-1"]
[WhiteElo "1947"]
[BlackElo "2179"]
[PlyCount "138"]
[EventDate "2017.??.??"]

1. e4 e6 2. d4 d5 3. Nd2 a6 4. c3 c5 5. Ngf3 cxd4 6. cxd4 dxe4 7. Nxe4 Be7 8.
Bd3 Nf6 9. O-O Nc6 10. Be3 O-O 11. Rc1 Nb4 12. Nxf6+ Bxf6 13. Bb1 Bd7 14. Ne5
Bb5 15. Re1 Nd5 16. Qc2 g6 17. Bh6 Bg7 18. Bxg7 Kxg7 19. a4 Be8 20. Qb3 Rb8 21.
Be4 Nb6 22. a5 Nc8 23. Qc3 Nd6 24. d5 Nb5 25. Qb3 exd5 26. Qxd5 Qf6 27. Bd3 Qd6
28. Bc4 Qxd5 29. Bxd5 Nd6 30. Rc7 Bb5 31. Re7 Rbe8 32. Nf3 Rxe7 33. Rxe7 Rc8
34. g3 Kf6 35. Re1 Rc5 36. Rd1 Be2 37. b4 Rc3 38. Rd4 Rc1+ 39. Kg2 Bf1+ 40. Kh1
Be2+ 41. Kg2 Bf1+ 42. Kh1 Bc4+ 43. Kg2 Bxd5 44. Rxd5 Ke6 45. Rd4 h6 46. Nd2 Rd1
47. Kf3 f5 48. Ke2 Rc1 49. Nb3 Rc2+ 50. Rd2 Rxd2+ 51. Kxd2 Kd5 52. Kd3 Ne4 53.
f3 Ng5 54. Nd2 Ne6 55. Nb3 g5 56. Nd2 Nd4 57. h3 h5 58. g4 fxg4 59. fxg4 h4 60.
Ne4 Ne6 61. Nf6+ Kc6 62. Ke4 Nf4 63. Kf5 Nxh3 64. Ne4 Kb5 65. Nd6+ Kxb4 66.
Nxb7 Nf2 67. Kxg5 h3 68. Kf4 h2 69. Kg3 h1=Q
0-1

[Event "Sveins 10. minneturnering"]
[Site "Oslo"]
[Date "2017.06.23"]
[Round "5"]
[White "Greibrokk, Ingrid"]
[Black "Moen, Ole Christian"]
[Result "0-1"]
[WhiteElo "1936"]
[BlackElo "2178"]
[PlyCount "144"]
[EventDate "2017.??.??"]

1. e4 e5 2. Nf3 Nc6 3. Bb5 a6 4. Ba4 d6 5. O-O Bd7 6. c3 Nf6 7. Re1 g6 8. d4 b5
9. Bc2 Bg7 10. Nbd2 O-O 11. Nf1 Bg4 12. Be3 Re8 13. h3 exd4 14. cxd4 Bxf3 15.
Qxf3 Nd7 16. e5 Na5 17. exd6 cxd6 18. Be4 Rc8 19. b4 Nc4 20. Bb7 Rb8 21. a4 Qb6
22. Bc6 Qc7 23. axb5 axb5 24. Rec1 Rb6 25. Bxd7 Qxd7 26. Ra8 Rbb8 27. Rca1 d5
28. R1a7 Qe6 29. Rxb8 Rxb8 30. Qg3 Rc8 31. Rc7 Bf8 32. Rxc8 Qxc8 33. Qg5 Qd7
34. Bd2 Be7 35. Qf4 Bd6 36. Qg5 Nxd2 37. Qxd2 Qe7 38. Qd3 Qe4 39. Qc3 Qb1 40.
Qc6 Qxb4 41. Qxd5 Be7 42. Qb7 Bf8 43. d5 Qc5 44. Qc6 b4 45. Qxc5 Bxc5 46. Nd2
Kf8 47. Kf1 Ke7 48. Nc4 b3 49. Ke2 Bd4 50. Kd3 Bg7 51. Nd2 b2 52. Kc2 Kd6 53.
Nc4+ Kxd5 54. Nxb2 Bxb2 55. Kxb2 g5 56. Kc3 Ke4 57. Kd2 f5 58. Ke2 f4 59. f3+
Kd4 60. Kf2 Kd3 61. g3 h6 62. Kf1 Ke3 63. Kg2 Ke2 64. h4 Ke3 65. h5 Ke2 66.
gxf4 gxf4 67. Kh3 Kxf3 68. Kh4 Ke3 69. Kg4 f3 70. Kf5 f2 71. Kg6 f1=Q 72. Kxh6
Qf7
0-1

[Event "Sveins 10. minneturnering"]
[Site "Oslo"]
[Date "2017.06.23"]
[Round "5"]
[White "Omtvedt, Per"]
[Black "Haubro, Sigfred"]
[Result "0-1"]
[WhiteElo "1934"]
[BlackElo "2175"]
[PlyCount "68"]
[EventDate "2017.??.??"]

1. e4 d5 2. exd5 Qxd5 3. Nc3 Qa5 4. d4 c6 5. Nf3 Nf6 6. Bd2 Qc7 7. g3 Bg4 8.
Bg2 e6 9. Bf4 Qa5 10. O-O Be7 11. Qd3 Nbd7 12. a3 O-O 13. b4 Qh5 14. Ne5 Nxe5
15. dxe5 Nd5 16. Nxd5 exd5 17. Rfe1 Rad8 18. c3 b6 19. a4 Rd7 20. b5 Bf5 21.
Qd1 Qxd1 22. Rexd1 Rc8 23. c4 dxc4 24. Rxd7 Bxd7 25. Rd1 Bg4 26. Rd4 cxb5 27.
axb5 Bc5 28. Rd2 c3 29. Ra2 h6 30. h4 Rd8 31. Be4 Rd7 32. Bc6 Rd1+ 33. Kg2 Bf5
34. Rxa7 c2
0-1

[Event "Sveins 10. minneturnering"]
[Site "Oslo"]
[Date "2017.06.23"]
[Round "5"]
[White "Sousa, Ludy Helsio P"]
[Black "Sundsbo, Sigve"]
[Result "1-0"]
[WhiteElo "2159"]
[BlackElo "1796"]
[PlyCount "59"]
[EventDate "2017.??.??"]

1. e4 e6 2. d4 d5 3. Nc3 Bb4 4. e5 c5 5. a3 Bxc3+ 6. bxc3 Qa5 7. Bd2 Qa4 8. Qg4
Kf8 9. Ra2 Ne7 10. Nf3 b6 11. Qf4 Ng6 12. Qe3 Nd7 13. h4 h6 14. Bd3 Ne7 15. c4
Ba6 16. cxd5 Nxd5 17. Qe4 Bxd3 18. Qxd3 cxd4 19. h5 Rc8 20. Rh4 Qc4 21. Bb4+
Nxb4 22. Qxc4 Rxc4 23. axb4 Rxb4 24. Rxa7 Ke7 25. Nxd4 Rb1+ 26. Kd2 Rc8 27. c4
Kd8 28. Nb5 Nxe5 29. Rd4+ Nd7 30. Rdxd7+
1-0

[Event "Sveins 10. minneturnering"]
[Site "Oslo"]
[Date "2017.06.23"]
[Round "5"]
[White "Svanholm, Børge W"]
[Black "Nordquelle, Daniel"]
[Result "1/2-1/2"]
[WhiteElo "1756"]
[BlackElo "2143"]
[PlyCount "33"]
[EventDate "2017.??.??"]

1. c4 c5 2. Nf3 Nf6 3. Nc3 d5 4. cxd5 Nxd5 5. d4 Nxc3 6. bxc3 g6 7. e3 Bg7 8.
Bd3 O-O 9. O-O Nc6 10. Rb1 b6 11. Ba3 Be6 12. Qe2 Qc7 13. Rfc1 Rfd8 14. Ng5 Bc8
15. Be4 h6 16. Nxf7 Rf8 17. Bxg6
1/2-1/2

[Event "Sveins 10. minneturnering"]
[Site "Oslo"]
[Date "2017.06.23"]
[Round "5"]
[White "Lindbøl, Aleksander"]
[Black "Folkvord, Svein"]
[Result "0-1"]
[WhiteElo "2076"]
[BlackElo "1885"]
[PlyCount "136"]
[EventDate "2017.??.??"]

1. c4 g6 2. g3 Bg7 3. Bg2 d6 4. d4 Nf6 5. Nc3 O-O 6. e3 Nbd7 7. Nge2 e5 8. O-O
Re8 9. Qc2 c6 10. Rd1 Qe7 11. d5 c5 12. e4 h6 13. f3 Rf8 14. Be3 Kh7 15. a3 Rh8
16. b4 b6 17. bxc5 Nxc5 18. Bxc5 bxc5 19. Rab1 Nh5 20. Qa4 Bd7 21. Qa5 Qg5 22.
Qc7 Rad8 23. Qxa7 f5 24. Rf1 Qe3+ 25. Rf2 f4 26. Rbf1 fxg3 27. hxg3 Nxg3 28.
Nxg3 Qxc3 29. Qb6 Ba4 30. Qa7 Bb3 31. Rb1 Qxc4 32. Bf1 Qa4 33. Qxa4 Bxa4 34.
Kg2 Rb8 35. Rfb2 Rxb2+ 36. Rxb2 Bf6 37. Rb6 Rd8 38. Bc4 Bg5 39. Ra6 Bd1 40. Be2
Bb3 41. Rc6 Bc1 42. Nf1 Kg8 43. Rb6 Bc2 44. Rb7 h5 45. Kf2 Kf8 46. Ne3 Bxe3+
47. Kxe3 Ra8 48. Rd7 Rxa3+ 49. Kd2 Ra2 50. Ke3 Ra3+ 51. Kd2 Ra2 52. Ke3 h4 53.
Rxd6 Kg7 54. Bf1 Ra3+ 55. Kf2 Bd1 56. Bg2 c4 57. Ke1 Bxf3 58. Bxf3 Rxf3 59. Ke2
Rd3 60. Rd7+ Kf6 61. Rh7 Kg5 62. Rc7 Rd4 63. Ke3 Kg4 64. Re7 h3 65. Rxe5 Rd3+
66. Kf2 c3 67. d6 Rd2+ 68. Ke3 Rxd6
0-1

[Event "Sveins 10. minneturnering"]
[Site "Oslo"]
[Date "2017.06.23"]
[Round "5"]
[White "Tenold, Andreas"]
[Black "Bergre, Joachim"]
[Result "1/2-1/2"]
[WhiteElo "1705"]
[BlackElo "2053"]
[PlyCount "48"]
[EventDate "2017.??.??"]

1. d4 Nf6 2. Nf3 g6 3. c4 Bg7 4. Nc3 O-O 5. e3 d6 6. Be2 Nbd7 7. O-O c6 8. b3
Re8 9. Bb2 a6 10. Qd2 b5 11. cxb5 cxb5 12. Rac1 Bb7 13. a3 Nb6 14. Ne1 e5 15.
dxe5 dxe5 16. Qxd8 Raxd8 17. Nd3 Nbd7 18. Rfd1 e4 19. Nb4 Nb6 20. Nc2 Rxd1+ 21.
Rxd1 Nfd5 22. Nxd5 Nxd5 23. Nd4 Rc8 24. Rd2 h5
1/2-1/2

[Event "Sveins 10. minneturnering"]
[Site "Oslo"]
[Date "2017.06.23"]
[Round "5"]
[White "Hansen, Lars-Henrik Bech"]
[Black "Chachkes, George D"]
[Result "1/2-1/2"]
[WhiteElo "2019"]
[BlackElo "1681"]
[PlyCount "35"]
[EventDate "2017.??.??"]

1. e4 e5 2. Nf3 Nc6 3. d4 exd4 4. Bc4 Nf6 5. O-O Nxe4 6. Re1 d5 7. Bxd5 Qxd5 8.
Nc3 Qd8 9. Nxe4 Be7 10. Bg5 O-O 11. Bxe7 Qxe7 12. Nxd4 Nxd4 13. Qxd4 Rd8 14.
Qc3 c6 15. Ng3 Be6 16. Re3 Rd5 17. Rae1 Qc5 18. Ne4
1/2-1/2

[Event "Sveins 10. minneturnering"]
[Site "Oslo"]
[Date "2017.06.23"]
[Round "5"]
[White "Grønn, Embla Ekeland"]
[Black "Toby, Albert"]
[Result "0-1"]
[WhiteElo "1616"]
[BlackElo "2015"]
[PlyCount "68"]
[EventDate "2017.??.??"]

1. d4 c5 2. Nf3 Nf6 3. Nc3 g6 4. e4 Qa5 5. Be3 Nxe4 6. Bd2 Nxd2 7. Qxd2 Bg7 8.
Be2 Nc6 9. dxc5 Qxc5 10. O-O O-O 11. Rad1 a6 12. Na4 Qa7 13. b3 b5 14. Nc3 e6
15. Ne4 d5 16. Ng3 b4 17. h4 f5 18. Qf4 Rd8 19. h5 Bf6 20. hxg6 hxg6 21. Qh6
Qg7 22. Qxg7+ Kxg7 23. Rfe1 Bc3 24. Nd2 Ra7 25. Bf3 g5 26. Rf1 g4 27. Be2 Kg6
28. Nb1 Bd4 29. a3 bxa3 30. Nxa3 f4 31. Bd3+ Kg5 32. Ne2 Bc5 33. Nb1 Ne5 34. c4
g3
0-1

[Event "Sveins 10. minneturnering"]
[Site "Oslo"]
[Date "2017.06.23"]
[Round "5"]
[White "Grønn, Eskil Ekeland"]
[Black "Merkesvik, Amalie Isabel"]
[Result "1-0"]
[WhiteElo "1962"]
[BlackElo "1782"]
[PlyCount "107"]
[EventDate "2017.??.??"]

1. d4 d5 2. Nc3 c6 3. Nf3 Nf6 4. Bg5 Bf5 5. e3 Nbd7 6. Be2 e6 7. Nh4 Bg6 8.
Nxg6 hxg6 9. e4 dxe4 10. Nxe4 Be7 11. Nxf6+ Bxf6 12. Be3 Rc8 13. Qd2 Qc7 14.
O-O-O O-O 15. h4 c5 16. d5 exd5 17. Qxd5 Rfd8 18. h5 gxh5 19. Qxh5 Kf8 20. Qf5
g6 21. Bh6+ Bg7 22. Qh3 Qe5 23. Bxg7+ Kxg7 24. Rxd7 Rh8 25. Rxf7+ Kxf7 26. Qf3+
Kg7 27. Rd1 Rhe8 28. Bd3 c4 29. Be2 c3 30. bxc3 Rxc3 31. Rd7+ Kh8 32. Qxb7
Rxc2+ 33. Kxc2 Qxe2+ 34. Kb3 Qe6+ 35. Ka3 Qf6 36. Rd3 Qf8+ 37. Qb4 Qxb4+ 38.
Kxb4 Re2 39. Rd8+ Kg7 40. Rd7+ Kh6 41. Rxa7 Rxf2 42. g3 Rf3 43. Ra3 Rf5 44. Rc3
Kh5 45. a4 Kg4 46. a5 g5 47. a6 Kh3 48. Rc5 Rf6 49. Kb5 g4 50. a7 Rf8 51. Rc3
Rf5+ 52. Kb6 Rf6+ 53. Kb7 Rf7+ 54. Kb8
1-0

[Event "Sveins 10. minneturnering"]
[Site "Oslo"]
[Date "2017.06.23"]
[Round "5"]
[White "Næss, Sara"]
[Black "Sidali, Elias Hulleberg"]
[Result "0-1"]
[WhiteElo "1795"]
[BlackElo "1675"]
[PlyCount "66"]
[EventDate "2017.??.??"]

1. e4 c6 2. d4 d5 3. Nc3 dxe4 4. Nxe4 Nf6 5. Nxf6+ exf6 6. Nf3 Bd6 7. Be2 O-O
8. h3 Be6 9. c4 Re8 10. O-O Nd7 11. Be3 Nf8 12. Qc2 Qc7 13. Rfd1 Ng6 14. Bd3
Rad8 15. a4 a5 16. Bd2 Ra8 17. Rdb1 Qd7 18. c5 Bc7 19. Ra3 Bxh3 20. gxh3 Qxh3
21. Bf1 Qg4+ 22. Bg2 Re2 23. Qd3 Rae8 24. Be3 R8xe3 25. Qxe3 Rxe3 26. Rxe3 h5
27. b4 h4 28. Ne1 Qxd4 29. bxa5 Bxa5 30. Rxb7 Qxc5 31. Rb8+ Kh7 32. Rc8 Qg5 33.
Rxc6 Bxe1
0-1